[Event "19th Hoogeveen Open 2015"]
[Site "Hoogeveen NED"]
[Date "2015.10.19"]
[Round "3.5"]
[White "Debashis, Das"]
[Black "Halkias, Stelios"]
[Result "1-0"]
[WhiteTitle "GM"]
[BlackTitle "GM"]
[WhiteElo "2501"]
[BlackElo "2534"]
[WhiteFideId "5024854"]
[BlackFideId "4201809"]
[EventDate "2015.10.17"]

1. d4 f5 2. Nf3 Nf6 3. g3 g6 4. Bg2 Bg7 5. O-O O-O 6. c4 d6 7. Nc3 e6 8. b4 Qe7
9. a4 Ne4 10. Bb2 Nxc3 11. Bxc3 Nd7 12. e3 g5 13. Re1 g4 14. Nd2 e5 15. dxe5
Nxe5 16. Qc2 c6 17. b5 Be6 18. bxc6 bxc6 19. Rab1 Rac8 20. Rb2 d5 21. Reb1 Rc7
22. Ba5 Nxc4 23. Nxc4 dxc4 24. Rb4 Rcc8 25. Rb7 Qd6 26. Bf1 Qd5 27. Rxa7 Ra8 28.
Rxa8 Rxa8 29. Bb6 c3 30. a5 c5 31. a6 Qe4 32. Bd3 1-0